| 000 | 01248cam a2200337 a 4500 | ||
|---|---|---|---|
| 001 | 2107259 | ||
| 003 | NUST - PNEC | ||
| 005 | 20170116181137.0 | ||
| 008 | 961204s1997 ilua b 001 0 eng | ||
| 010 | _a 96029709 | ||
| 020 | _a0256146063 | ||
| 040 |
_aDLC _cLIBRARY _dDLC |
||
| 050 | 0 | 0 |
_aTS183 _b.C63 1997 |
| 082 | 0 | 0 | _a670.427 COH |
| 100 | 1 | _aCohen, Morris A. | |
| 245 | 1 | 0 |
_aManufacturing automation / _cMorris Cohen, Uday Apte. |
| 250 | _a1st ed. | ||
| 260 |
_aChicago : _bIrwin, _cc1997. |
||
| 300 |
_axii, 270 p. : _bill. ; _c25 cm. |
||
| 440 | 4 | _aThe Irwin series in production operations management | |
| 504 | _aIncludes bibliographical references and index. | ||
| 650 | 0 |
_aManufacturing processes _xAutomation. _xIME |
|
| 650 | 0 |
_aProduction management _xData processing. |
|
| 650 | 0 | _aTechnological innovations. | |
| 700 | 1 | _aApte, Uday M. | |
| 856 | 4 | 2 |
_3Publisher description _uhttp://www.loc.gov/catdir/description/mh022/96029709.html |
| 856 | 4 | 1 |
_3Table of contents _uhttp://www.loc.gov/catdir/toc/mh022/96029709.html |
| 906 |
_a7 _bcbc _corignew _d1 _eocip _f19 _gy-gencatlg |
||
| 942 |
_2ddc _cBK |
||
| 999 |
_c70316 _d70316 |
||